00510nmm a2200169Ia 4500008004100000020001800041041000800059100003000067245003500097264005600132300001800188490003200206650002700238856005100265942000700316999001700323251105s9999||||xx |||||||||||||||||und|| a9789560002655 aspa aYáñez, Nancy. y otros 0aLas aguas indígenas en Chile a[Santiago de Chile, Chile] :bLOM Ediciones, c2011 a276 páginas aCiencias Sociales y Humanas aEnvironmental Sciences uhttps://public.digitaliapublishing.com/a/18267 cCF c93481d93481